000 00556nam a2200217Ia 4500
003 OSt
005 20230428111857.0
008 210423s2011 xx 000 0 und d
020 _a9781847083333
040 _cAL
041 _aeng
082 _a823.08
_223
_b HABH
100 _aHABILA (Helon)
_994693
245 _aGranta book of the African short story
260 _bGranta Publication
_c2011
300 _axv,378
_bPB
365 _b499
_cINR
650 _aEnglish Fiction
_994694
906 _aAfrican ; Granta ; short ; story
942 _2ddc
_cBK
999 _c161263
_d161263